[Event "ITA-chTA 52nd"]
[Site "Montesilvano"]
[Date "2021.09.21"]
[Round "3.3"]
[White "Donati, Michele"]
[Black "Brunello, Sabino"]
[Result "0-1"]
[WhiteElo "1984"]
[BlackElo "2513"]
[PlyCount "62"]
[EventDate "2021.09.20"]
[EventType "team-tourn"]
[EventRounds "7"]
[EventCountry "ITA"]
[SourceTitle "CBM 204 Extra"]
[Source "ChessBase"]
[SourceDate "2021.11.30"]
[SourceVersion "1"]
[SourceVersionDate "2021.11.30"]
[SourceQuality "1"]
[WhiteTeam "Fermo"]
[BlackTeam "Padova Obiettivo"]
[WhiteTeamCountry "ITA"]
[BlackTeamCountry "ITA"]

1. d4 Nf6 2. Nf3 e6 3. c4 b6 4. g3 Ba6 5. Qc2 c5 6. Bg2 Nc6 7. dxc5 Bxc5 8. a3 Rc8 9. Qa4 Bb7 10. 0-0 0-0 11. b4 Be7 12. Rd1 a6 13. Bb2 Qc7 14. Nbd2 d5 15. Rac1 dxc4 16. b5 axb5 17. Qxb5 Na5 18. Be5 Qc5 19. Qxc5 Bxc5 20. a4 Rfd8 21. e3 Bc6 22. Ra1 Ne4 23. Nd4 Bxd4 24. Bxd4 Nxd2 25. Bxb6 Nab3 26. Bxc6 Nxa1 27. Bxd8 Nab3 28. Ba5 Rxc6 29. Rxd2 Nxd2 30. Bxd2 c3 31. Bc1 Rd6 0-1

[Event "Porto San Giorgio op 28th"]
[Site "Porto San Giorgio"]
[Date "2018.08.26"]
[Round "4"]
[White "Bellincampi, Stefano"]
[Black "Donati, Michele"]
[Result "1/2-1/2"]
[WhiteElo "2060"]
[BlackElo "1955"]
[PlyCount "51"]
[EventDate "2018.08.24"]
[EventType "swiss"]
[EventRounds "9"]
[EventCountry "ITA"]
[SourceTitle "CBM 186 Extra"]
[Source "ChessBase"]
[SourceDate "2018.08.24"]
[SourceVersion "1"]
[SourceVersionDate "2018.08.24"]
[SourceQuality "1"]

1. e4 c5 2. Nf3 e6 3. c3 d5 4. exd5 Qxd5 5. d4 Nf6 6. Na3 cxd4 7. Nb5 Na6 8. Qxd4 Bc5 9. Qxd5 Nxd5 10. Be2 Nac7 11. Nxc7+ Nxc7 12. 0-0 Nd5 13. Rd1 Ke7 14. Ne5 f6 15. Nd3 b6 16. Nxc5 bxc5 17. Bf3 Ba6 18. Bxd5 exd5 19. Rxd5 Rad8 20. Rxd8 Rxd8 21. Be3 Rd5 22. b4 cxb4 23. cxb4 Bc4 24. f3 a6 25. Kf2 Rd3 26. a3 1/2-1/2

[Event "Porto San Giorgio op 28th"]
[Site "Porto San Giorgio"]
[Date "2018.08.24"]
[Round "1"]
[White "Donati, Michele"]
[Black "Marzano, Carlo"]
[Result "0-1"]
[WhiteElo "1955"]
[BlackElo "2236"]
[PlyCount "79"]
[EventDate "2018.08.24"]
[EventType "swiss"]
[EventRounds "9"]
[EventCountry "ITA"]
[SourceTitle "CBM 186 Extra"]
[Source "ChessBase"]
[SourceDate "2018.08.24"]
[SourceVersion "1"]
[SourceVersionDate "2018.08.24"]
[SourceQuality "1"]

1. c4 e5 2. g3 Nf6 3. Bg2 Nc6 4. Nc3 Bc5 5. e3 d5 6. cxd5 Nb4 7. d4 exd4 8. exd4 Be7 9. Nge2 Nbxd5 10. 0-0 c6 11. Re1 0-0 12. Nf4 Nxf4 13. Bxf4 Be6 14. Qd3 Re8 15. a3 Nd5 16. Nxd5 Bxd5 17. Bxd5 Qxd5 18. Re5 Qd7 19. Rae1 Bf6 20. Rxe8+ Rxe8 21. Rxe8+ Qxe8 22. Be5 Bd8 23. Kg2 Qd7 24. Bf4 Qd5+ 25. f3 f5 26. Be5 Qe6 27. Qe3 Kf7 28. Qf4 g5 29. Qe3 Qc4 30. Qd2 Ke6 31. h4 h6 32. h5 Kf7 33. Kf2 Bf6 34. Bxf6 Kxf6 35. Qc3 Qxc3 36. bxc3 Ke6 37. Ke3 Kd5 38. Kd3 b5 39. a4 a5 40. Kc2 0-1

[Event "Wch U20 56th"]
[Site "Tarvisio"]
[Date "2017.11.16"]
[Round "4"]
[White "Noboa Silva, Kevin Omar"]
[Black "Donati, Michele"]
[Result "1-0"]
[WhiteElo "2356"]
[BlackElo "1978"]
[PlyCount "77"]
[EventDate "2017.11.13"]
[EventType "swiss"]
[EventRounds "11"]
[EventCountry "ITA"]
[SourceTitle "CBM 181 Extra"]
[Source "ChessBase"]
[SourceDate "2017.12.12"]
[SourceVersion "1"]
[SourceVersionDate "2017.12.12"]
[SourceQuality "1"]

1. d4 d5 2. c4 c6 3. Nc3 Nf6 4. cxd5 cxd5 5. Bf4 Nc6 6. e3 a6 7. Bd3 Bg4 8. Nge2 e6 9. h3 Bh5 10. 0-0 Bg6 11. Rc1 Be7 12. Na4 Nd7 13. a3 0-0 14. Rc3 Rc8 15. Bxg6 hxg6 16. Qc2 g5 17. Bh2 Nf6 18. f3 Bd6 19. Bxd6 Qxd6 20. Nc5 b5 21. b4 Ne7 22. a4 Nf5 23. Ra1 Ra8 24. Rca3 bxa4 25. Qd3 Qb6 26. Rxa4 Rfc8 27. Qd2 Nd6 28. Rxa6 Rxa6 29. Rxa6 Nc4 30. Rxb6 Nxd2 31. Rb7 Ne8 32. Nc3 Nd6 33. Rd7 Nf5 34. e4 Nxd4 35. exd5 exd5 36. Nxd5 Nc6 37. b5 Ne5 38. Ne7+ Kf8 39. Nxc8 1-0

[Event "Porto San Giorgio op"]
[Site "Porto San Giorgio"]
[Date "2017.08.28"]
[Round "6"]
[White "Donati, Michele"]
[Black "Rotolante, Luca"]
[Result "1-0"]
[WhiteElo "1956"]
[BlackElo "2018"]
[PlyCount "129"]
[EventDate "2017.08.23"]
[EventType "swiss"]
[EventRounds "9"]
[EventCountry "ITA"]
[SourceTitle "CBM 180 Extra"]
[Source "ChessBase"]
[SourceDate "2017.10.06"]
[SourceVersion "1"]
[SourceVersionDate "2017.10.06"]
[SourceQuality "1"]

1. c4 e5 2. g3 Nc6 3. Bg2 f5 4. Nc3 Nf6 5. Nf3 g6 6. d4 e4 7. Ng5 h6 8. Nh3 Bg7 9. Nf4 Ne7 10. Qb3 g5 11. Nh3 0-0 12. d5 d6 13. f3 exf3 14. exf3 b6 15. Nf2 Ng6 16. 0-0 Bd7 17. Nd3 Ne5 18. Ne1 Nh5 19. f4 Ng4 20. Nf3 gxf4 21. gxf4 Re8 22. Nd1 Re2 23. Qd3 Qe7 24. h3 Ng3 25. hxg4 fxg4 26. Ne5 Qh4 27. Nxd7 Rxg2+ 28. Kxg2 Qh3+ 29. Kf2 Nh1+ 30. Ke2 Ng3+ 31. Ke1 Re8+ 32. Be3 Re7 33. Rf2 Qh1+ 34. Kd2 Ne4+ 35. Kc2 Nxf2 36. Bxf2 Rxd7 37. Qe2 Rf7 38. Qxg4 Kh7 39. f5 Kh8 40. Rc1 h5 41. Qf4 Be5 42. Nc3 Qh3 43. Qh6+ Kg8 44. Rg1+ Bg7 45. Qg5 Qxf5+ 46. Qxf5 Rxf5 47. Bd4 Rf7 48. Ne2 Kh7 49. Rxg7+ Rxg7 50. Bxg7 Kxg7 51. Kd3 Kg6 52. Ke4 Kg5 53. Kf3 Kf5 54. Nd4+ Ke5 55. Nc6+ Kf5 56. Nxa7 h4 57. Nb5 h3 58. Nxc7 h2 59. Kg2 Ke4 60. Ne8 Ke5 61. Kxh2 b5 62. b3 bxc4 63. bxc4 Kd4 64. Nxd6 Kc5 65. Ne4+ 1-0

[Event "London Classic op U2050-A 8th"]
[Site "London"]
[Date "2016.12.11"]
[Round "4"]
[White "Donati, Michele"]
[Black "Aprea, Daniele"]
[Result "1-0"]
[WhiteElo "1895"]
[BlackElo "2039"]
[PlyCount "86"]
[EventDate "2016.12.09"]
[EventType "swiss"]
[EventRounds "5"]
[EventCountry "ENG"]
[SourceTitle "EXT 2019"]
[Source "ChessBase"]
[SourceDate "2018.10.10"]
[SourceVersion "1"]
[SourceVersionDate "2018.10.10"]
[SourceQuality "1"]

1. c4 c6 2. g3 d5 3. Bg2 e6 4. Nf3 Bd6 5. 0-0 Nf6 6. b3 0-0 7. Ba3 Bxa3 8. Nxa3 Qd6 9. Nc2 e5 10. d3 Bg4 11. Rc1 Nbd7 12. cxd5 Nxd5 13. Qd2 N7f6 14. e4 Nb6 15. Ne3 Be6 16. Nh4 Rad8 17. Nef5 Bxf5 18. Nxf5 Qxd3 19. Qg5 Ne8 20. Rcd1 Qxd1 21. Rxd1 Rxd1+ 22. Bf1 f6 23. Ne7+ Kf7 24. Qh5+ Kxe7 25. Qxd1 Nc7 26. Bh3 Rd8 27. Qh5 h6 28. Qg6 Ne8 29. a4 Rd6 30. a5 Nd7 31. f4 a6 32. Qh5 exf4 33. gxf4 Nf8 34. Qc5 Ne6 35. Qb4 Nxf4 36. Qxb7+ Kf8 37. Bf1 Ne6 38. Bxa6 Nc5 39. Qb6 Nxe4 40. Bc4 Nd2 41. a6 Nxc4 42. bxc4 Rd7 43. a7 Rd8 1-0

[Event "London Classic op U2050-A 8th"]
[Site "London"]
[Date "2016.12.11"]
[Round "5"]
[White "Regan, Natasha"]
[Black "Donati, Michele"]
[Result "0-1"]
[WhiteElo "2018"]
[BlackElo "1895"]
[PlyCount "82"]
[EventDate "2016.12.09"]
[EventType "swiss"]
[EventRounds "5"]
[EventCountry "ENG"]
[SourceTitle "EXT 2019"]
[Source "ChessBase"]
[SourceDate "2018.10.10"]
[SourceVersion "1"]
[SourceVersionDate "2018.10.10"]
[SourceQuality "1"]

1. Nf3 e6 2. c4 Nf6 3. g3 d5 4. b3 Bd6 5. Bg2 0-0 6. 0-0 c6 7. d4 Ne4 8. Nfd2 f5 9. f3 Nxd2 10. Nxd2 f4 11. g4 Nd7 12. Re1 c5 13. cxd5 exd5 14. dxc5 Bxc5+ 15. Kh1 Nf6 16. a3 h5 17. b4 Bd4 18. Ra2 hxg4 19. Nb3 Bf2 20. Rf1 g3 21. Bxf4 Nh5 22. Rxf2 gxf2 23. Be3 Qh4 24. Qxd5+ Rf7 25. Qg5 Qxg5 26. Bxg5 Be6 27. Rb2 Bxb3 28. Rxb3 Rd7 29. Rb1 a5 30. b5 Rf8 31. Bh3 Rc7 32. Be6+ Kh8 33. Kg2 Nf4+ 34. Bxf4 Rxf4 35. Kxf2 Rc3 36. Kg3 Rf6 37. Bd5 b6 38. a4 Rd6 39. e4 Ra3 40. Rc1 Rxa4 41. Kf4 Rxd5 0-1

[Event "London Classic op U2050-A 8th"]
[Site "London"]
[Date "2016.12.10"]
[Round "2"]
[White "Donati, Michele"]
[Black "Advait, Bagri"]
[Result "1-0"]
[WhiteElo "1895"]
[BlackElo "1647"]
[PlyCount "65"]
[EventDate "2016.12.09"]
[EventType "swiss"]
[EventRounds "5"]
[EventCountry "ENG"]
[SourceTitle "EXT 2019"]
[Source "ChessBase"]
[SourceDate "2018.10.10"]
[SourceVersion "1"]
[SourceVersionDate "2018.10.10"]
[SourceQuality "1"]

1. c4 Nf6 2. g3 c6 3. Bg2 d5 4. Nf3 g6 5. 0-0 Bg7 6. d4 0-0 7. cxd5 cxd5 8. Nc3 Nc6 9. a3 Ne4 10. Nxe4 dxe4 11. Ng5 Qxd4 12. Nxe4 Bf5 13. Be3 Qxb2 14. Rb1 Qe5 15. Bf4 Qa5 16. Rxb7 Qa6 17. Nc5 Qxa3 18. Qd5 Nd4 19. Rxe7 Be6 20. Rxe6 fxe6 21. Nxe6 Nxe2+ 22. Kh1 Nxf4 23. gxf4 Kh8 24. f5 Qe7 25. fxg6 hxg6 26. Qb3 Rf6 27. Qh3+ Kg8 28. Bxa8 Qd7 29. Qb3 Qd2 30. Rd1 Qxf2 31. Ng5+ Kf8 32. Qa3+ Kg8 33. Rd8+ 1-0

[Event "ITA-ch U16"]
[Site "Courmayeur"]
[Date "2013.07.01"]
[Round "2"]
[White "Bardone, Lorenzo"]
[Black "Donati, Michele"]
[Result "0-1"]
[WhiteElo "1988"]
[BlackElo "1794"]
[PlyCount "72"]
[EventDate "2013.06.30"]
[EventType "swiss"]
[EventRounds "9"]
[EventCountry "ITA"]
[SourceTitle "EXT 2015"]
[Source "ChessBase"]
[SourceDate "2014.11.20"]
[SourceVersion "1"]
[SourceVersionDate "2014.11.20"]
[SourceQuality "1"]

1. e4 c5 2. Nf3 e6 3. d3 a6 4. g3 b5 5. Bg2 Bb7 6. 0-0 d6 7. Re1 Nd7 8. c3 Ngf6 9. Nbd2 Ne5 10. Qe2 Be7 11. d4 cxd4 12. Nxd4 Qc7 13. f4 Ned7 14. a4 b4 15. Qc4 Qb6 16. Qxb4 Qa7 17. Kh1 d5 18. Qa5 dxe4 19. Nc4 0-0 20. Be3 Qb8 21. Nb6 Nxb6 22. Qxb6 Nd5 23. Qb3 Nxe3 24. Rxe3 Qc7 25. Qc2 Bc5 26. Rc1 Rac8 27. Qb1 Bxd4 28. Ree1 Bf6 29. Bxe4 Bxe4+ 30. Rxe4 Qb7 31. Rce1 Be7 32. Kg1 Bc5+ 33. Kf1 Rfd8 34. b4 f5 35. bxc5 Qxb1 36. Rxb1 fxe4 0-1

[Event "La Meridiana op 2nd"]
[Site "Perugia"]
[Date "2012.11.09"]
[Round "1"]
[White "Naumkin, Igor"]
[Black "Donati, Michele"]
[Result "1-0"]
[WhiteElo "2501"]
[BlackElo "1774"]
[PlyCount "57"]
[EventDate "2012.11.09"]
[EventType "swiss"]
[EventRounds "5"]
[EventCountry "ITA"]
[SourceTitle "EXT 2014"]
[Source "ChessBase"]
[SourceDate "2013.11.20"]
[SourceVersion "1"]
[SourceVersionDate "2013.11.20"]
[SourceQuality "1"]

1. d4 d5 2. c4 c6 3. Nf3 Nf6 4. Nc3 e6 5. e3 Nbd7 6. Qc2 Bd6 7. Bd3 0-0 8. 0-0 Qe7 9. c5 Bc7 10. e4 dxe4 11. Nxe4 Nd5 12. Bd2 Rd8 13. Rae1 Nf8 14. Ne5 Bd7 15. Ng5 f5 16. Nef7 h6 17. Nxd8 Qxd8 18. Nf3 g5 19. Ne5 Be8 20. g3 Qf6 21. Bc4 Ng6 22. Bc3 f4 23. Ng4 Qg7 24. Rxe6 Bf7 25. Rfe1 Bxe6 26. Rxe6 Nf8 27. Rxh6 fxg3 28. hxg3 Rd8 29. Qf5 1-0

[Event "ITA-ch Amateur C"]
[Site "Civitanova Marche"]
[Date "2012.07.20"]
[Round "6"]
[White "Donati, Michele"]
[Black "Maggiore, Francesco"]
[Result "1-0"]
[WhiteElo "1764"]
[BlackElo "1778"]
[PlyCount "73"]
[EventDate "2012.07.15"]
[EventType "swiss"]
[EventRounds "8"]
[EventCountry "ITA"]
[SourceTitle "EXT 2024"]
[Source "ChessBase"]
[SourceDate "2023.10.10"]
[SourceVersion "1"]
[SourceVersionDate "2023.10.10"]
[SourceQuality "1"]

1. c4 c6 2. Nf3 Nf6 3. g3 d5 4. b3 e6 5. Bg2 Bd6 6. Bb2 Nbd7 7. d4 b6 8. Nbd2 Bb7 9. 0-0 c5 10. cxd5 Bxd5 11. Re1 cxd4 12. Bxd4 e5 13. e4 Bb7 14. Bb2 Bb4 15. a3 Bxd2 16. Nxd2 Qe7 17. Nc4 0-0 18. Qd6 Qxd6 19. Nxd6 Rab8 20. b4 Ne8 21. Rad1 Bc6 22. b5 Nxd6 23. bxc6 Nc4 24. Rxd7 Nxb2 25. Rxa7 Nd3 26. Rd1 Nc5 27. c7 Rbc8 28. Bh3 Ne6 29. Rd7 Ng5 30. Bg4 g6 31. Re7 f5 32. exf5 gxf5 33. Be2 Nf7 34. Ba6 Nd6 35. Rd7 Nf7 36. Bxc8 Rxc8 37. Re7 1-0

[Event "Porto Sant Elpidio op-B 11th"]
[Site "Porto Sant Elpidio"]
[Date "2008.11.30"]
[Round "5"]
[White "Donati, Michele"]
[Black "Balzano, Filli"]
[Result "1/2-1/2"]
[WhiteElo "1509"]
[BlackElo "1777"]
[PlyCount "143"]
[EventDate "2008.11.22"]
[EventType "swiss"]
[EventRounds "6"]
[EventCountry "ITA"]
[SourceTitle "EXT 2011"]
[Source "ChessBase"]
[SourceDate "2010.11.26"]
[SourceVersion "1"]
[SourceVersionDate "2010.11.26"]
[SourceQuality "1"]

1. c4 c6 2. d4 d5 3. Nc3 Nf6 4. Nf3 e6 5. c5 Qc7 6. g3 Na6 7. Bf4 Qd8 8. a3 Nc7 9. b4 b6 10. a4 Be7 11. Bg2 Bb7 12. 0-0 0-0 13. Ne5 Nd7 14. Nxd7 Qxd7 15. a5 b5 16. Qb3 Rfe8 17. Bh3 Qd8 18. Rad1 Bf8 19. e4 f6 20. e5 f5 21. Be3 Na6 22. f4 Rc8 23. Kh1 Kh8 24. Bf2 Be7 25. Rg1 Rb8 26. Bf1 Rf8 27. Be2 Rc8 28. Rg2 Rg8 29. Rdg1 Qd7 30. Na2 Rce8 31. Qf3 Bd8 32. g4 g6 33. gxf5 gxf5 34. Rxg8+ Rxg8 35. Rxg8+ Kxg8 36. Qg3+ Qg7 37. Qxg7+ Kxg7 38. Kg2 Bc8 39. h4 Bd7 40. Kh3 Be8 41. Be1 Bf7 42. Nc3 Kh6 43. Nd1 Nc7 44. Ne3 Ne8 45. Nf1 Ng7 46. Ng3 Nh5 47. Nxh5 Bxh5 48. Bxh5 Kxh5 49. Bf2 a6 50. Be1 Kg6 51. Bf2 h6 52. Be1 Kh7 53. Bf2 Kg7 54. Be1 Bc7 55. Bf2 Kg6 56. Be1 h5 57. Bf2 Kh6 58. Be1 Bd8 59. Bf2 Be7 60. Be1 Bf8 61. Bf2 Kg6 62. Be1 Bh6 63. Bg3 Kf7 64. Kg2 Bf8 65. Kh3 Be7 66. Kg2 Kg6 67. Kh3 Bf8 68. Kg2 Kf7 69. Kh3 Ke7 70. Kg2 Kd7 71. Kh3 Be7 72. Kg2 1/2-1/2

[Event "Porto Sant Elpidio op U16 9th"]
[Site "Porto Sant Elpidio"]
[Date "2006.11.26"]
[Round "6"]
[White "Balzano, Filli"]
[Black "Donati, Michele"]
[Result "1-0"]
[WhiteElo "1440"]
[BlackElo "1347"]
[PlyCount "77"]
[EventDate "2006.11.18"]
[EventType "swiss"]
[EventRounds "6"]
[EventCountry "ITA"]
[SourceTitle "EXT 2011"]
[Source "ChessBase"]
[SourceDate "2010.11.26"]
[SourceVersion "1"]
[SourceVersionDate "2010.11.26"]
[SourceQuality "1"]

1. e4 c5 2. Nf3 Nc6 3. d4 b6 4. Bf4 Nf6 5. Nc3 cxd4 6. Nxd4 Nxd4 7. Qxd4 d6 8. Qd2 e5 9. Be3 Bb7 10. f3 Be7 11. Bc4 0-0 12. 0-0-0 Qc7 13. Bb3 Nd7 14. a3 Rac8 15. Kb1 Ba6 16. Nd5 Qd8 17. Nxe7+ Qxe7 18. Qxd6 Qxd6 19. Rxd6 Nc5 20. Bxc5 Rxc5 21. Rd7 Bc4 22. Bxc4 Rxc4 23. Rxa7 Rfc8 24. c3 h6 25. Rb7 R8c6 26. Rd1 f6 27. Rd8+ Kh7 28. Rdb8 Rd6 29. Kc2 Rcc6 30. Re8 Kg6 31. Ree7 Rd8 32. Rxg7+ Kh5 33. Rg4 Rcd6 34. Rbg7 Rd2+ 35. Kb3 Rf2 36. R7g6 Rd6 37. Rg3 Rfd2 38. Rg7 Re2 39. Rh3# 1-0